Państwa najbliżej Węgier A-Z - Statystyki

Ogólne statystyki
  • Ten quiz został rozwiązany 125 razy
    79 od ostatniego zresetowania
  • Średni wynik to 22 z 24
Statystyki odpowiedzi
Litera Państwo % Poprawnych
A Austria
97%
D Dania
97%
S Serbia / Słowacja / Słowenia
97%
G Grecja
95%
Ł Łotwa
95%
O Oman
95%
E Estonia
94%
P Polska
94%
T Turcja
94%
H Holandia
92%
K Kosowo
92%
M Mołdawia
92%
V Vanuatu
92%
F Francja
91%
L Liechtenstein
91%
R Rumunia
91%
U Ukraina
91%
B Bośnia i Hercegowina
89%
Z Zjednoczone Emiraty Arabskie
89%
J Jordania
88%
C Chorwacja
86%
I Irlandia
86%
W Włochy
86%
N Niemcy
81%
Nie znaleziono quizów pasujących do podanych kryteriów
Rozkład punktacji
Procent ludzi z każdym wynikiem
Percentyl według liczby udzielonych odpowiedzi
Twoja historia wyników
Nie rozwiązałeś tego quizu od ostatniego zresetowania